Latin: To Be Quiz Stats

 Plays Quiz Updated Mar 27, 2020

Support Sporcle.
Go Orange.
Score 0/36 Timer 01:30
0 Plays Today
% Correct
es
95.4%
est
91.4%
sum
89.2%
sumus
80.6%
sunt
79.4%
estis
75.9%
erat
70.3%
eram
69.6%
eras
69.4%
eramus
66.8%
erant
66.2%
eratis
64.7%
ero
60.3%
eris
58.4%
erit
58.2%
erunt
56.1%
fui
56.1%
erimus
55.9%
% Correct
eritis
54.3%
fuit
49.3%
fuisti
46.3%
fuimus
45.4%
fuistis
41.4%
fuerunt
40.3%
fueram
37.1%
fueras
35.7%
fuerat
34.7%
fueramus
32.5%
fuerant
32.2%
fueratis
30.7%
fuero
30.4%
fueris
29.4%
fuerit
28.3%
fuerimus
25.7%
fueritis
23.7%
fuerint
22.3%

You're not logged in!

Compare scores with friends on all Sporcle quizzes.
OR
Log In

From the Vault

State Capital Vowel Pairs 4 to 1

by sproutcm

It's a countdown of capitals.
Remove Ads.
Support Sporcle.
Get the best of Sporcle when you Go Orange. This ad-free experience offers more features, more stats, and more fun while also helping to support Sporcle. Thank you for becoming a member.

Show Comments

Extras

Top Quizzes Today


Score Distribution

Your Account Isn't Verified!

In order to create a playlist on Sporcle, you need to verify the email address you used during registration. Go to your Sporcle Settings to finish the process.

Report this User

Report this user for behavior that violates our Community Guidelines.

Details: